| 000 | 00909cam a22003137a 4500 | ||
|---|---|---|---|
| 003 | CHAP | ||
| 005 | 20220817042116.0 | ||
| 008 | 971013s1981 r 00010 d | ||
| 010 | _a34831 | ||
| 011 | _a35803 | ||
| 035 | _a39920 | ||
| 040 | _cCHAP | ||
| 090 | _aFolleto 8109 | ||
| 110 | _aFAO | ||
| 245 | 1 | 3 |
_aEl agua _b: de dónde viene? |
| 260 |
_aRoma : _bFAO, _c1981 |
||
| 300 |
_a31 p. _b: ilus. |
||
| 490 | 0 |
_aFAO. Serie mejores cultivos _v; 28 |
|
| 590 |
_aBATCH-UPD _b10 _c20130110 _lUCH01 _h1053 |
||
| 590 |
_aCONVERSION _b10 _c20130109 _lUCH01 _h1319 |
||
| 650 | 1 | 4 |
_aAgua. _92222 |
| 650 | 1 | 4 |
_aLluvia. _967312 |
| 830 | 0 | 0 |
_aFAO. Serie mejores cultivos _v; 28 _939693 |
| 901 | _aBK | ||
| 942 | _cFOLL | ||
| 949 |
_aFolleto 8109 _bBC _cFAO _d-91040 _eFAO1 _i39920 _si |
||
| 949 |
_aFolleto 8109 _bBC _cFAO _d-91041 _eFAO2 _fc.2 _i39920 _si |
||
| 949 |
_aFolleto 8109 _bBC _cFAO _d-91042 _eFAO2 _fc.3 _i39920 _si |
||
| 999 |
_c34831 _d34831 |
||